[Event "Olimpiada de Khanty-Mansiysk 2010"]
[Site "Khanty-Mansiysk RUS"]
[Date "2010.09.28"]
[Round "7"]
[White "Tan, Khai Boon"]
[Black "Klasan, Vladimir"]
[Result "1-0"]
[WhiteElo "2160"]
[BlackElo "2393"]
[PlyCount "81"]
[EventDate "2010.09.21"]
[EventType "team"]
[EventRounds "11"]
[EventCountry "RUS"]
[Source "lmi"]
[SourceDate "2010.09.21"]
[WhiteTeam "Malasia"]
[BlackTeam "ICS"]
[WhiteTeamCountry "MAS"]

1. d4 d5 2. c4 c6 3. Nf3 Nf6 4. Nc3 dxc4 5. a4 Bf5 6. Ne5 Nbd7 7. Nxc4 Nb6 8.
Ne5 a5 9. f3 Nfd7 10. Nxd7 Nxd7 11. e4 Bg6 12. Be2 Qb6 13. h4 h5 14. f4 e6 15.
O-O e5 16. f5 exd4 17. fxg6 dxc3+ 18. Kh1 O-O-O 19. bxc3 Ne5 20. Qc2 f6 21. Rb1
Qa7 22. Bf4 Nxg6 23. e5 Nxf4 24. Rxf4 Be7 25. Qf5+ Kc7 26. Qg6 Qc5 27. Rc4 Qa3
28. Qe4 Bc5 29. Bf3 Rc8 30. Qg6 Rhe8 31. Qxg7+ Re7 32. Qxf6 Rce8 33. Rxb7+ Kxb7
34. Qxc6+ Ka7 35. Rxc5 Qc1+ 36. Kh2 Qf4+ 37. g3 Qd2+ 38. Bg2 Qd8 39. Rb5 Qc7
40. Qd5 Ka6 41. Rc5 1-0

[Event "Olimpiada de Khanty-Mansiysk 2010"]
[Site "Khanty-Mansiysk RUS"]
[Date "2010.09.28"]
[Round "7"]
[White "Parfenov, Pavel"]
[Black "Long, Peter"]
[Result "1-0"]
[WhiteElo "2242"]
[BlackElo "2302"]
[PlyCount "83"]
[EventDate "2010.09.21"]
[EventType "team"]
[EventRounds "11"]
[EventCountry "RUS"]
[Source "lmi"]
[SourceDate "2010.09.21"]
[WhiteTeam "ICS"]
[BlackTeam "Malasia"]
[BlackTeamCountry "MAS"]

1. d4 Nf6 2. Nf3 c5 3. d5 b5 4. Bg5 Qb6 5. a4 bxa4 6. Nc3 Qxb2 7. Bd2 Qb6 8. e4
d6 9. e5 dxe5 10. Nxe5 Ba6 11. Bxa6 Qxa6 12. Rxa4 Qb7 13. O-O Nbd7 14. Qe2 Nxd5
15. Nxd5 Qxd5 16. Nxd7 Qxd7 17. Rfa1 e6 18. Bc3 Be7 19. Bxg7 Rg8 20. Be5 Rg6
21. g3 f6 22. Bc3 Kf7 23. Ra6 Qd5 24. Rd1 Qf5 25. Re1 e5 26. Qc4+ Kf8 27. Ba5
Qc8 28. Re6 Rb8 29. f4 Rg4 30. Qd5 Qb7 31. Qd1 h5 32. fxe5 Kf7 33. exf6 Bxf6
34. Rxf6+ Kxf6 35. Qd6+ Kf7 36. Rf1+ Kg8 37. Qe6+ Kg7 38. Bc3+ Rd4 39. Bxd4+
cxd4 40. Qe5+ Kg8 41. Qg5+ Qg7 42. Qd5+ 1-0

[Event "Olimpiada de Khanty-Mansiysk 2010"]
[Site "Khanty-Mansiysk RUS"]
[Date "2010.09.28"]
[Round "7"]
[White "Smith, Robert W"]
[Black "Baules, Jorge"]
[Result "1/2-1/2"]
[WhiteElo "2282"]
[BlackElo "2335"]
[PlyCount "71"]
[EventDate "2010.09.21"]
[EventType "team"]
[EventRounds "11"]
[EventCountry "RUS"]
[Source "lmi"]
[SourceDate "2010.09.21"]
[WhiteTeam "Nueva Zelanda"]
[BlackTeam "Panamá"]
[WhiteTeamCountry "NZL"]
[BlackTeamCountry "PAN"]

1. e4 e6 2. d4 d5 3. Nc3 dxe4 4. Nxe4 Bd7 5. Nf3 Bc6 6. Bd3 Nd7 7. O-O Ngf6 8.
Qe2 Be7 9. Bf4 Bxe4 10. Bxe4 Nxe4 11. Qxe4 c6 12. c4 O-O 13. Rad1 Re8 14. Ne5
Bf6 15. Rd3 Nf8 16. Rfd1 Bxe5 17. Bxe5 Ng6 18. Bg3 Qa5 19. Rb3 Qxa2 20. Qc2 Qa4
21. h4 h5 22. Qd3 b5 23. cxb5 Rad8 24. bxc6 Qxc6 25. Qb5 Qd5 26. Qxd5 Rxd5 27.
Ra1 Re7 28. f3 Rxd4 29. Bf2 Rdd7 30. Rba3 Rd2 31. b4 Rb2 32. R3a2 Rb3 33. Ra3
Rb2 34. R3a2 Rb3 35. Ra3 Rb2 36. R3a2 1/2-1/2

[Event "Olimpiada de Khanty-Mansiysk 2010"]
[Site "Khanty-Mansiysk RUS"]
[Date "2010.09.28"]
[Round "7"]
[White "Sanchez, Jorge"]
[Black "Steadman, Michael"]
[Result "0-1"]
[WhiteElo "2163"]
[BlackElo "2309"]
[PlyCount "84"]
[EventDate "2010.09.21"]
[EventType "team"]
[EventRounds "11"]
[EventCountry "RUS"]
[Source "lmi"]
[SourceDate "2010.09.21"]
[WhiteTeam "Panamá"]
[BlackTeam "Nueva Zelanda"]
[WhiteTeamCountry "PAN"]
[BlackTeamCountry "NZL"]

1. e4 e6 2. d4 d5 3. e5 c5 4. c3 Nc6 5. Nf3 Nh6 6. Bd3 f6 7. exf6 Qxf6 8. Bg5
Qf7 9. O-O Nf5 10. Na3 Bd6 11. Nb5 Bb8 12. Qc2 a6 13. Bxf5 exf5 14. Rfe1+ Kf8
15. Na3 f4 16. Ne5 Nxe5 17. dxe5 h6 18. e6 Bxe6 19. Qe2 hxg5 20. Qxe6 Bc7 21.
Qg4 Bd8 22. Rad1 Bf6 23. Nc4 dxc4 24. Rd7 Qh5 25. Qe6 Qxh2+ 26. Kf1 Qh1+ 27.
Ke2 Qh5+ 28. Kd2 Rh6 29. Qxc4 Re8 30. Rxb7 Rxe1 31. Kxe1 Qe8+ 32. Kd2 Be7 33.
Kc2 Rd6 34. Qe4 Qf7 35. Rc7 Qe6 36. Qa8+ Rd8 37. Qf3 Qd6 38. Ra7 Qd2+ 39. Kb3
Qd6 40. Kc2 Qg6+ 41. Kc1 c4 42. Qe2 Qd6 0-1

[Event "Olimpiada de Khanty-Mansiysk 2010"]
[Site "Khanty-Mansiysk RUS"]
[Date "2010.09.28"]
[Round "7"]
[White "Croad, Nicolas"]
[Black "Arosemena, Jose Luis"]
[Result "1/2-1/2"]
[WhiteElo "2297"]
[BlackElo "2203"]
[PlyCount "63"]
[EventDate "2010.09.21"]
[EventType "team"]
[EventRounds "11"]
[EventCountry "RUS"]
[Source "lmi"]
[SourceDate "2010.09.21"]
[WhiteTeam "Nueva Zelanda"]
[BlackTeam "Panamá"]
[WhiteTeamCountry "NZL"]
[BlackTeamCountry "PAN"]

1. d4 Nf6 2. c4 e6 3. Nc3 Bb4 4. e3 c5 5. Bd3 Bxc3+ 6. bxc3 d6 7. Ne2 Nc6 8.
O-O O-O 9. Ng3 e5 10. dxc5 dxc5 11. Ne4 Nxe4 12. Bxe4 Qxd1 13. Rxd1 Be6 14. Ba3
Rfd8 15. Bd5 Na5 16. Bxc5 Rd7 17. Bxe6 Rxd1+ 18. Rxd1 fxe6 19. e4 Nxc4 20. f3
b6 21. Bf2 Rc8 22. Rd7 a6 23. Ra7 Rd8 24. Kf1 Rd1+ 25. Be1 a5 26. Rc7 Na3 27.
Ke2 Ra1 28. Bg3 Rxa2+ 29. Kd3 b5 30. Bxe5 Rxg2 31. Rb7 h6 32. h4 1/2-1/2

[Event "Olimpiada de Khanty-Mansiysk 2010"]
[Site "Khanty-Mansiysk RUS"]
[Date "2010.09.28"]
[Round "7"]
[White "Al-Ali, Hussein Ali Husse"]
[Black "Perera, W C C."]
[Result "1-0"]
[WhiteElo "2364"]
[BlackElo "2016"]
[PlyCount "75"]
[EventDate "2010.09.21"]
[EventType "team"]
[EventRounds "11"]
[EventCountry "RUS"]
[Source "lmi"]
[SourceDate "2010.09.21"]
[WhiteTeam "Irak"]
[BlackTeam "Sri Lanka"]
[WhiteTeamCountry "IRQ"]
[BlackTeamCountry "SRI"]

1. d4 d6 2. Nf3 g6 3. g3 Bg7 4. Bg2 Nf6 5. O-O O-O 6. Nc3 Nbd7 7. e4 e5 8. h3
c6 9. a4 Qc7 10. Be3 Re8 11. d5 Nb6 12. Nd2 Bd7 13. a5 Nc8 14. Qe2 Ne7 15. Nc4
cxd5 16. exd5 Nf5 17. b3 Nd4 18. Qd1 Nh5 19. Ne4 Nb5 20. Na3 Nxa3 21. Rxa3 f5
22. Ng5 f4 23. gxf4 Nxf4 24. Ne6 Nxe6 25. dxe6 Bxe6 26. a6 b6 27. Bxa8 Rxa8 28.
Ra4 Rf8 29. h4 Qc6 30. f4 b5 31. Rb4 Bh6 32. Qd2 Rf5 33. Rf2 Bf8 34. c4 bxc4
35. bxc4 Rh5 36. fxe5 Rxh4 37. Rxf8+ Kxf8 38. Qf2+ 1-0

[Event "Olimpiada de Khanty-Mansiysk 2010"]
[Site "Khanty-Mansiysk RUS"]
[Date "2010.09.28"]
[Round "7"]
[White "Koggala, W S V K."]
[Black "Al-Saffar, Araz Basim Moh"]
[Result "1/2-1/2"]
[WhiteElo "2026"]
[BlackElo "2348"]
[PlyCount "131"]
[EventDate "2010.09.21"]
[EventType "team"]
[EventRounds "11"]
[EventCountry "RUS"]
[Source "lmi"]
[SourceDate "2010.09.21"]
[WhiteTeam "Sri Lanka"]
[BlackTeam "Irak"]
[WhiteTeamCountry "SRI"]
[BlackTeamCountry "IRQ"]

1. d4 Nf6 2. Bf4 c5 3. c3 Qb6 4. Qb3 Qxb3 5. axb3 cxd4 6. Nf3 dxc3 7. Nxc3 Na6
8. e4 d6 9. Bb5+ Bd7 10. Bxa6 bxa6 11. Rxa6 Bc8 12. Ra5 Bb7 13. Nd2 e6 14. O-O
Be7 15. Nb5 Kd7 16. Rc1 Bd8 17. Raa1 e5 18. Bg5 Bb6 19. Bxf6 gxf6 20. Nc4 Bxe4
21. Nbxd6 Bd5 22. Rd1 Ke6 23. Nb5 Rhc8 24. Nxb6 axb6 25. Rxa8 Bxa8 26. Nc3 Bc6
27. b4 Ra8 28. Kf1 f5 29. f3 e4 30. Kf2 Ke5 31. b5 Be8 32. Re1 Rd8 33. fxe4
Rd2+ 34. Kf1 f4 35. Re2 Rd4 36. Ke1 f6 37. Rd2 Rb4 38. Kf2 Bg6 39. Rd5+ Ke6 40.
Rd2 Ke5 41. Rd5+ Ke6 42. Rd2 Bxe4 43. Nxe4 Rxe4 44. Rc2 Rb4 45. Rc6+ Kf5 46.
Rxb6 Rxb2+ 47. Kf3 Rb3+ 48. Kf2 h5 49. h3 h4 50. Rb8 f3 51. Rh8 fxg2 52. Rxh4
Rb2+ 53. Kg1 Ke5 54. Rg4 f5 55. Rxg2 Rxb5 56. Rg3 Kf4 57. Ra3 Rb2 58. Kf1 Ke4
59. Rc3 Rb4 60. Ra3 f4 61. Kf2 Rb2+ 62. Kf1 f3 63. Ra8 Kf4 64. Rf8+ Kg3 65.
Rg8+ Kxh3 66. Rh8+ 1/2-1/2

[Event "Olimpiada de Khanty-Mansiysk 2010"]
[Site "Khanty-Mansiysk RUS"]
[Date "2010.09.28"]
[Round "7"]
[White "Noah, A. H. Al-Ali"]
[Black "Anuruddha, G C."]
[Result "1-0"]
[WhiteElo "2397"]
[BlackElo "2144"]
[PlyCount "81"]
[EventDate "2010.09.21"]
[EventType "team"]
[EventRounds "11"]
[EventCountry "RUS"]
[Source "lmi"]
[SourceDate "2010.09.21"]
[WhiteTeam "Irak"]
[BlackTeam "Sri Lanka"]
[WhiteTeamCountry "IRQ"]
[BlackTeamCountry "SRI"]

1. Nf3 g6 2. e4 Bg7 3. Bc4 d6 4. d4 Nf6 5. Qe2 O-O 6. e5 dxe5 7. dxe5 Nd5 8. h3
c6 9. O-O Qc7 10. Bb3 e6 11. c4 Nb6 12. Nc3 N6d7 13. Re1 a6 14. Bf4 Nc5 15. Bc2
a5 16. Rad1 f5 17. h4 b6 18. h5 Re8 19. hxg6 hxg6 20. Qe3 Nbd7 21. Rd6 Nf8 22.
Na4 Rb8 23. Nxc5 bxc5 24. Ba4 Bd7 25. b3 Qb6 26. Red1 Rb7 27. Ne1 Rc7 28. Nd3
Rb8 29. Qg3 Be8 30. Be3 Nd7 31. Rxe6 Bf7 32. Rd6 Re8 33. f4 Re7 34. Qf2 Bf8 35.
Nxc5 Nxc5 36. Bxc5 Qb7 37. Rd8 Re8 38. e6 Rxd8 39. Rxd8 Bxe6 40. Rxf8+ Kg7 41.
Qd4+ 1-0

[Event "Olimpiada de Khanty-Mansiysk 2010"]
[Site "Khanty-Mansiysk RUS"]
[Date "2010.09.28"]
[Round "7"]
[White "Peiris, T S S."]
[Black "Amjad, Ali Al-Bahadly"]
[Result "0-1"]
[WhiteElo "2002"]
[BlackElo "2240"]
[PlyCount "78"]
[EventDate "2010.09.21"]
[EventType "team"]
[EventRounds "11"]
[EventCountry "RUS"]
[Source "lmi"]
[SourceDate "2010.09.21"]
[WhiteTeam "Sri Lanka"]
[BlackTeam "Irak"]
[WhiteTeamCountry "SRI"]
[BlackTeamCountry "IRQ"]

1. e4 c6 2. d4 d6 3. f4 Nf6 4. Bd3 e5 5. c3 Qb6 6. Bc2 exf4 7. Nf3 Bg4 8. h3
Bh5 9. O-O Nbd7 10. Na3 g5 11. Nc4 Qc7 12. Qe1 Bxf3 13. Rxf3 O-O-O 14. Nd2 Re8
15. b4 Nxe4 16. Nxe4 d5 17. Nd6+ Bxd6 18. Qf1 Nf6 19. Bf5+ Kb8 20. Bd2 Nh5 21.
Be1 Ng7 22. Qd3 Nxf5 23. Qxf5 h6 24. b5 Re7 25. bxc6 Qxc6 26. Bf2 Bc7 27. a4
Rd8 28. Qd3 Re4 29. g4 Ba5 30. Qd1 Qc4 31. Kg2 Qe2 32. Qxe2 Rxe2 33. Rb1 a6 34.
Rc1 Rc8 35. Re1 Re4 36. Rc1 Rc4 37. Rd3 Rxa4 38. Kf3 Ra3 39. Rc2 b5 0-1

[Event "Olimpiada de Khanty-Mansiysk 2010"]
[Site "Khanty-Mansiysk RUS"]
[Date "2010.09.28"]
[Round "7"]
[White "Efimov, Igor"]
[Black "Solomon, Kenny"]
[Result "0-1"]
[WhiteElo "2433"]
[BlackElo "2394"]
[PlyCount "69"]
[EventDate "2010.09.21"]
[EventType "team"]
[EventRounds "11"]
[EventCountry "RUS"]
[Source "lmi"]
[SourceDate "2010.09.21"]
[WhiteTeam "Mónaco"]
[BlackTeam "Sudáfrica"]
[WhiteTeamCountry "MNC"]
[BlackTeamCountry "RSA"]

1. d4 Nf6 2. c4 e6 3. Nf3 c5 4. g3 cxd4 5. Nxd4 Bb4+ 6. Nc3 Ne4 7. Qd3 Qa5 8.
Qxe4 Bxc3+ 9. Kd1 Qa4+ 10. b3 Qa5 11. Rb1 O-O 12. Nb5 d5 13. Qc2 Bf6 14. Bd2
Qb6 15. e3 dxc4 16. bxc4 Qc6 17. Rg1 Rd8 18. Bg2 Qc5 19. Ke2 Nc6 20. Bc1 Na5
21. Be4 a6 22. Na3 g6 23. h4 Bd7 24. g4 Rac8 25. h5 Nxc4 26. hxg6 hxg6 27. Rxb7
Nd6 28. Rb3 Qe5 29. Bxg6 Rxc2+ 30. Bxc2 Qh2 31. Rf1 Nb5 32. Nb1 e5 33. Rb4 Be7
34. Ra4 Nc7 35. Ra5 0-1

[Event "Olimpiada de Khanty-Mansiysk 2010"]
[Site "Khanty-Mansiysk RUS"]
[Date "2010.09.28"]
[Round "7"]
[White "Steel, Henry Robert"]
[Black "Nelis, Jean-Francois"]
[Result "1-0"]
[WhiteElo "2300"]
[BlackElo "2238"]
[PlyCount "67"]
[EventDate "2010.09.21"]
[EventType "team"]
[EventRounds "11"]
[EventCountry "RUS"]
[Source "lmi"]
[SourceDate "2010.09.21"]
[WhiteTeam "Sudáfrica"]
[BlackTeam "Mónaco"]
[WhiteTeamCountry "RSA"]
[BlackTeamCountry "MNC"]

1. e4 e6 2. d4 d5 3. Nc3 Bb4 4. e5 c5 5. dxc5 Ne7 6. Nf3 Nd7 7. Bd3 Nc6 8. O-O
Bxc3 9. bxc3 Ndxe5 10. Nxe5 Nxe5 11. Bb5+ Bd7 12. Qe2 Bxb5 13. Qxb5+ Qd7 14. a4
a6 15. Qe2 Nc4 16. Rd1 Rd8 17. Rd3 f6 18. Bf4 e5 19. Bg3 O-O 20. f3 Qc6 21. Bf2
Rd7 22. Rdd1 Rfd8 23. Rdb1 f5 24. Rb4 Re8 25. h3 h6 26. Rab1 Kh8 27. f4 e4 28.
Bd4 Rf7 29. Qh5 Kg8 30. Rxb7 Qe6 31. c6 Ree7 32. Rb8+ Kh7 33. Rd8 Qg6 34. Rh8+
1-0

[Event "Olimpiada de Khanty-Mansiysk 2010"]
[Site "Khanty-Mansiysk RUS"]
[Date "2010.09.28"]
[Round "7"]
[White "Van Hoolandt, Patrick"]
[Black "Johannes, Manyedi Mabusel"]
[Result "0-1"]
[WhiteElo "2151"]
[BlackElo "2288"]
[PlyCount "64"]
[EventDate "2010.09.21"]
[EventType "team"]
[EventRounds "11"]
[EventCountry "RUS"]
[Source "lmi"]
[SourceDate "2010.09.21"]
[WhiteTeam "Mónaco"]
[BlackTeam "Sudáfrica"]
[WhiteTeamCountry "MNC"]
[BlackTeamCountry "RSA"]

1. d4 Nf6 2. c4 e6 3. Nf3 b6 4. Nc3 Bb7 5. Bg5 Bb4 6. e3 h6 7. Bh4 g5 8. Bg3
Ne4 9. Qc2 Bxc3+ 10. bxc3 Nxg3 11. hxg3 Qe7 12. a4 Nc6 13. Be2 Na5 14. g4 c5
15. Kf1 Rc8 16. Nd2 cxd4 17. cxd4 d5 18. c5 bxc5 19. Qc3 Nc6 20. dxc5 f6 21.
Nb3 Kf7 22. f3 Kg7 23. Kf2 e5 24. Rad1 Rcd8 25. Rd2 Rhe8 26. Rhd1 d4 27. Qb2 e4
28. fxe4 dxe3+ 29. Kxe3 Qxe4+ 30. Kf2 Ne5 31. Rf1 Rxd2 32. Nxd2 Nd3+ 0-1

[Event "Olimpiada de Khanty-Mansiysk 2010"]
[Site "Khanty-Mansiysk RUS"]
[Date "2010.09.28"]
[Round "7"]
[White "Van den Heever, Donovan"]
[Black "Ribbegren, Karl Johan"]
[Result "1-0"]
[WhiteElo "2285"]
[BlackElo "2153"]
[PlyCount "65"]
[EventDate "2010.09.21"]
[EventType "team"]
[EventRounds "11"]
[EventCountry "RUS"]
[Source "lmi"]
[SourceDate "2010.09.21"]
[WhiteTeam "Sudáfrica"]
[BlackTeam "Mónaco"]
[WhiteTeamCountry "RSA"]
[BlackTeamCountry "MNC"]

1. e4 g6 2. d4 Bg7 3. Nc3 d6 4. Be3 c6 5. Qd2 Nd7 6. f3 b5 7. h4 Nb6 8. h5 e5
9. dxe5 dxe5 10. Qxd8+ Kxd8 11. a4 b4 12. Na2 Bf8 13. a5 Nd7 14. Bc4 Ngf6 15.
hxg6 fxg6 16. Nh3 Be7 17. Ng5 Kc7 18. O-O-O Nh5 19. Ne6+ Kb7 20. Bd2 Ndf6 21.
a6+ Kb6 22. Be3+ Ka5 23. Nc7 Bd7 24. Nxa8 Rxa8 25. g4 Bxg4 26. fxg4 Nxg4 27.
Bg1 h6 28. Rh3 Nf4 29. Rb3 Nf6 30. Nxb4 Bxb4 31. c3 c5 32. cxb4+ cxb4 33. Kc2
1-0

[Event "Olimpiada de Khanty-Mansiysk 2010"]
[Site "Khanty-Mansiysk RUS"]
[Date "2010.09.28"]
[Round "7"]
[White "Mesfin, Leykun"]
[Black "Minhazuddin, Ahmed"]
[Result "1/2-1/2"]
[WhiteElo "2160"]
[BlackElo "2368"]
[PlyCount "92"]
[EventDate "2010.09.21"]
[EventType "team"]
[EventRounds "11"]
[EventCountry "RUS"]
[Source "lmi"]
[SourceDate "2010.09.21"]
[WhiteTeam "Etiopía"]
[BlackTeam "Bangladesh"]
[WhiteTeamCountry "ETH"]
[BlackTeamCountry "BAN"]

1. e4 e5 2. Nf3 Nf6 3. Nc3 Bb4 4. Bc4 O-O 5. O-O d6 6. d3 Bxc3 7. bxc3 Bg4 8.
Bg5 h6 9. Be3 Nbd7 10. h3 Bh5 11. Kh2 Kh7 12. g4 Nxg4+ 13. hxg4 Bxg4 14. Rg1
Bh5 15. Rg3 g6 16. Qd2 f5 17. exf5 Rxf5 18. Ng1 Qf6 19. Bd5 Rf8 20. Be4 Qh4+
21. Nh3 Bf3 22. Bxf5 Rxf5 23. Rag1 Nf6 24. Rxg6 Rh5 25. Rxh6+ Rxh6 26. Bxh6
Ng4+ 27. Rxg4 Bxg4 28. Qe3 Qxh3+ 29. Qxh3 Bxh3 30. Bg5 Be6 31. a3 Kg6 32. Bd8
c6 33. Bc7 d5 34. Bxe5 Bg4 35. Kg3 Bd1 36. Kf4 Bxc2 37. Ke3 Kf5 38. Bb8 a6 39.
Ba7 Ke5 40. Bb8+ Ke6 41. Kd4 Kd7 42. f4 Ke6 43. c4 dxc4 44. dxc4 b5 45. Bc7 Kf5
46. cxb5 axb5 1/2-1/2

[Event "Olimpiada de Khanty-Mansiysk 2010"]
[Site "Khanty-Mansiysk RUS"]
[Date "2010.09.28"]
[Round "7"]
[White "Fekadu, Desalegn Jimma"]
[Black "Chatterjee, Debaraj"]
[Result "0-1"]
[WhiteElo "2204"]
[BlackElo "2288"]
[PlyCount "98"]
[EventDate "2010.09.21"]
[EventType "team"]
[EventRounds "11"]
[EventCountry "RUS"]
[Source "lmi"]
[SourceDate "2010.09.21"]
[WhiteTeam "Etiopía"]
[BlackTeam "Bangladesh"]
[WhiteTeamCountry "ETH"]
[BlackTeamCountry "BAN"]

1. d4 Nf6 2. c4 c5 3. d5 e6 4. Nc3 exd5 5. cxd5 d6 6. e4 g6 7. Bb5+ Bd7 8. Bd3
Bg7 9. Nge2 O-O 10. Bf4 Qe7 11. Ng3 Na6 12. O-O Nc7 13. h3 b5 14. Re1 Nfe8 15.
Qd2 b4 16. Nce2 Bb5 17. Bxb5 Nxb5 18. Bh6 Bxh6 19. Qxh6 Ng7 20. Nf4 Qf6 21. Re3
Nd4 22. Rb1 Rfe8 23. h4 Re5 24. Nh3 Nh5 25. f4 Nxg3 26. fxe5 Nde2+ 27. Rxe2
Nxe2+ 28. Kh1 Qxe5 29. Ng5 Ng3+ 30. Kg1 Qg7 31. Qxg7+ Kxg7 32. Kf2 Nh5 33. Re1
Re8 34. Nf3 Nf6 35. Nd2 Ng4+ 36. Kg3 Ne5 37. b3 a5 38. Re3 Ra8 39. Nf3 Kf6 40.
Kf4 h6 41. Nxe5 g5+ 42. hxg5+ hxg5+ 43. Kf3 Kxe5 44. Re2 a4 45. Ke3 f5 46. exf5
Kxf5 47. Kd3 axb3 48. axb3 Ra1 49. Kc4 Rd1 0-1

[Event "Olimpiada de Khanty-Mansiysk 2010"]
[Site "Khanty-Mansiysk RUS"]
[Date "2010.09.28"]
[Round "7"]
[White "Luther, Thomas"]
[Black "Elliott, Warren"]
[Result "1-0"]
[WhiteElo "2545"]
[BlackElo "2254"]
[PlyCount "157"]
[EventDate "2010.09.21"]
[EventType "team"]
[EventRounds "11"]
[EventCountry "RUS"]
[Source "lmi"]
[SourceDate "2010.09.21"]
[WhiteTeam "IPC"]
[BlackTeam "Jamaica"]
[BlackTeamCountry "JAM"]

1. e4 e6 2. d4 d5 3. Nc3 Bb4 4. e5 c5 5. a3 Bxc3+ 6. bxc3 Nc6 7. Qg4 g6 8. Qd1
Qa5 9. Bd2 Qa4 10. Nf3 c4 11. g3 Bd7 12. Bg2 O-O-O 13. O-O h6 14. Qc1 Rf8 15.
h4 Nce7 16. Nh2 Nf5 17. Ng4 Kb8 18. Rb1 Ka8 19. Rb4 Qa5 20. a4 Bc6 21. Qb2 Nge7
22. Rb1 Qc7 23. a5 a6 24. Qa3 Nc8 25. R4b2 Qe7 26. Rb4 Qc7 27. Ra1 Rd8 28. Qc1
h5 29. Nh2 Na7 30. Bg5 Rde8 31. Rbb1 Bb5 32. Bf6 Rhg8 33. Nf3 Nc6 34. Qa3 Nb8
35. Bg5 Rc8 36. Bc1 Nc6 37. Kh2 Qe7 38. Qa2 Qc7 39. Kg1 Rce8 40. Bg5 Rc8 41.
Re1 Rb8 42. Red1 Rbc8 43. Bc1 Rce8 44. Ng5 Rh8 45. Nh3 Rhg8 46. Bg5 Rc8 47. Qa3
Rge8 48. Nf4 Nce7 49. Bh3 Rb8 50. Kh2 Bc6 51. Qc5 Rbc8 52. Re1 Bb5 53. Qxc7
Rxc7 54. f3 Bc6 55. g4 hxg4 56. fxg4 Ng7 57. Rf1 Rg8 58. Ne2 Be8 59. Ng3 Rh8
60. Ne2 Rh7 61. Kg3 Ng8 62. Bg2 Ka7 63. Nf4 Bc6 64. Bd8 Rc8 65. Bb6+ Ka8 66.
Nh3 Nh6 67. Ng5 Rch8 68. Nxh7 Rxh7 69. Rh1 Kb8 70. Bd8 Kc8 71. Bg5 Be8 72. Rab1
Kc7 73. Rhf1 Ng8 74. Rb6 Nh6 75. Rd6 f5 76. exf6 Ngf5+ 77. gxf5 Kxd6 78. fxg6
Bxg6 79. Bxh6 1-0

[Event "Olimpiada de Khanty-Mansiysk 2010"]
[Site "Khanty-Mansiysk RUS"]
[Date "2010.09.28"]
[Round "7"]
[White "Pitterson, Jomo"]
[Black "Obodchuk, Andrei"]
[Result "1/2-1/2"]
[WhiteElo "2242"]
[BlackElo "2395"]
[PlyCount "142"]
[EventDate "2010.09.21"]
[EventType "team"]
[EventRounds "11"]
[EventCountry "RUS"]
[Source "lmi"]
[SourceDate "2010.09.21"]
[WhiteTeam "Jamaica"]
[BlackTeam "IPC"]
[WhiteTeamCountry "JAM"]

1. d4 Nf6 2. c4 e6 3. g3 c5 4. d5 exd5 5. cxd5 d6 6. Nc3 g6 7. Bg2 Bg7 8. Nf3
O-O 9. O-O a6 10. a4 Nbd7 11. Bf4 Qe7 12. h3 h6 13. e4 g5 14. Bc1 Rb8 15. a5
Ne8 16. Qc2 Nc7 17. Bd2 b5 18. axb6 Nxb6 19. Nd1 Nb5 20. Re1 g4 21. hxg4 Bxg4
22. Bc3 Nxc3 23. bxc3 Bxf3 24. Bxf3 Nxd5 25. Rxa6 Qe5 26. Re2 Nc7 27. Rc6 Nb5
28. Qd3 Rfd8 29. Rd2 Nxc3 30. Nxc3 Qxc3 31. Qxc3 Bxc3 32. Rdxd6 Rxd6 33. Rxd6
Bd4 34. Be2 Rb2 35. Kf1 Kg7 36. Rd5 Rc2 37. Rd6 f6 38. Rd7+ Kg8 39. Ra7 Kf8 40.
Rc7 Ke8 41. Ra7 Kd8 42. Rb7 Ra2 43. Rh7 Ra4 44. Rxh6 c4 45. Rh5 c3 46. Rd5+ Kc7
47. Bd3 Bb6 48. Rf5 Ra1+ 49. Kg2 Rd1 50. Bc2 Rd2 51. Ba4 Bd4 52. Kh3 c2 53.
Bxc2 Rxc2 54. f4 Re2 55. e5 fxe5 56. fxe5 Bxe5 57. Kg4 Kd6 58. Rf3 Kd5 59. Kf5
Bd4 60. g4 Re8 61. g5 Rf8+ 62. Kg4 Rg8 63. Kf5 Ra8 64. g6 Re8 65. Rd3 Rf8+ 66.
Kg5 Rf1 67. g7 Rg1+ 68. Kh6 Ke4 69. Rxd4+ Kxd4 70. Kh7 Rxg7+ 71. Kxg7 Ke5
1/2-1/2

[Event "Olimpiada de Khanty-Mansiysk 2010"]
[Site "Khanty-Mansiysk RUS"]
[Date "2010.09.28"]
[Round "7"]
[White "Yarmonov, Igor"]
[Black "Rowe, Duane"]
[Result "1/2-1/2"]
[WhiteElo "2335"]
[BlackElo "2248"]
[PlyCount "103"]
[EventDate "2010.09.21"]
[EventType "team"]
[EventRounds "11"]
[EventCountry "RUS"]
[Source "lmi"]
[SourceDate "2010.09.21"]
[WhiteTeam "IPC"]
[BlackTeam "Jamaica"]
[BlackTeamCountry "JAM"]

1. d4 Nf6 2. c4 c5 3. d5 e6 4. Nc3 exd5 5. cxd5 d6 6. e4 g6 7. Nf3 a6 8. a4 Bg4
9. Be2 Bxf3 10. Bxf3 Bg7 11. O-O O-O 12. Bf4 Qe7 13. Qd2 Nbd7 14. g3 Rfe8 15.
Ra2 Rac8 16. b3 Ne5 17. Be2 c4 18. Bxe5 Qxe5 19. bxc4 Nxe4 20. Nxe4 Qxe4 21.
Qb4 Qe7 22. Qb6 Qd8 23. Rb1 Re7 24. Bf1 Qd7 25. Rd2 Bc3 26. Rdd1 Rc5 27. Qb3
Ba5 28. Rd3 Rc8 29. Re3 Rce8 30. Qxb7 Qxb7 31. Rxb7 Rxe3 32. fxe3 Rxe3 33. c5
dxc5 34. Bxa6 Re1+ 35. Kg2 Ra1 36. Bb5 c4 37. Bxc4 Rxa4 38. Bb5 Ra2+ 39. Kh3
Rb2 40. g4 Kg7 41. d6 Bd8 42. Kg3 Rb4 43. Kf3 Bg5 44. d7 Rf4+ 45. Kg3 Rb4 46.
Bc6 Rxb7 47. Bxb7 Kf8 48. h4 Bd8 49. g5 f6 50. Kg4 fxg5 51. hxg5 Ke7 52. Bc6
1/2-1/2

[Event "Olimpiada de Khanty-Mansiysk 2010"]
[Site "Khanty-Mansiysk RUS"]
[Date "2010.09.28"]
[Round "7"]
[White "Matthews, Shane"]
[Black "Mikheev, Stanislav"]
[Result "1/2-1/2"]
[WhiteElo "2227"]
[BlackElo "2337"]
[PlyCount "102"]
[EventDate "2010.09.21"]
[EventType "team"]
[EventRounds "11"]
[EventCountry "RUS"]
[Source "lmi"]
[SourceDate "2010.09.21"]
[WhiteTeam "Jamaica"]
[BlackTeam "IPC"]
[WhiteTeamCountry "JAM"]

1. e4 e5 2. Nf3 Nf6 3. Nxe5 d6 4. Nf3 Nxe4 5. d4 d5 6. Bd3 Nc6 7. O-O Be7 8. c4
Nb4 9. Be2 O-O 10. Nc3 Bf5 11. a3 Nxc3 12. bxc3 Nc6 13. cxd5 Qxd5 14. Bf4 Rac8
15. Nd2 Bd6 16. Bf3 Qb5 17. Be3 Qb2 18. Qb3 Qxb3 19. Nxb3 Rfe8 20. Nd2 h6 21.
g4 Bd3 22. Rfd1 Na5 23. Ra2 f5 24. gxf5 Bxf5 25. Rb2 b6 26. a4 c5 27. Kh1 cxd4
28. cxd4 Kh7 29. Rg1 Rc3 30. Rb5 Bg6 31. Rd5 Re6 32. Ne4 Bxe4 33. Bxe4+ Rxe4
34. Rxd6 Re7 35. Bd2 Rc6 36. Bxa5 Rxd6 37. Bb4 Red7 38. Bxd6 Rxd6 39. Rd1 Kg6
40. Kg2 Kf5 41. Kf3 Rd5 42. Rd3 Ke6 43. Ke4 Kd6 44. f4 Rh5 45. Rg3 g5 46. Rg4
Rxh2 47. fxg5 hxg5 48. Rxg5 Re2+ 49. Kd3 Ra2 50. a5 bxa5 51. Kc4 Ra4+ 1/2-1/2